| 000 | 00864cam a2200253 a 4500 | ||
|---|---|---|---|
| 001 | 000003075 | ||
| 005 | 20200929150325.0 | ||
| 008 | 960829s1996 sp b 001 0 spa | ||
| 020 | _a8437614309 | ||
| 040 |
_aDO-SdBNP _bspa _cBNPHU |
||
| 082 |
_a863.3 _bS231f |
||
| 100 | 1 |
_aSanta Cruz de Dueñas, Melchor de, _d1505-1585 _99710 |
|
| 245 | 1 | 0 |
_aFloresta española / _cMelchor de Santa Cruz ; edición de Maximiliano Cabañas. |
| 260 |
_aMadrid : _bCátedra, _c1996. |
||
| 300 |
_a641 p. ; _c18 cm. |
||
| 490 | 1 |
_aLetras hispánicas _v411 |
|
| 504 | _aIncluye referencias bibliográficas (p. 93-104) e índice. | ||
| 650 | 4 |
_aCuentos españoles _93194 |
|
| 650 | 4 |
_aCuentos populares españoles _99711 |
|
| 650 | 4 |
_aLiteratura española _9632 |
|
| 700 | 1 |
_aCabañas, Maximiliano, _eed. _99712 |
|
| 830 | 0 |
_aLetras hispánicas ; _v411 _94208 |
|
| 910 | _aEn proceso | ||
| 999 |
_c2906 _d2906 |
||